Características del financiamiento de los costos de la educación en Costa Rica /
Zapisane w:
| 1. autor: | |
|---|---|
| Format: | Texto |
| Hasła przedmiotowe: | |
| Etykiety: |
Dodaj etykietę
Nie ma etykietki, Dołącz pierwszą etykiete!
|
MARC
| LEADER | 00000 a a2200000 04500 | ||
|---|---|---|---|
| 001 | 3018 | ||
| 003 | |||
| 040 | |||
| 100 | |a Hess Araya, Hermann | ||
| 245 | |a Características del financiamiento de los costos de la educación en Costa Rica / |c Hermann Hess Araya | ||
| 650 | |a PROGRAMAS DE AJUSTE | ||
| 650 | |a ENSEÑANZA SUPERIOR | ||
| 650 | |a GASTOS DE LA EDUCACION | ||
| 650 | |a COSTA RICA | ||
| 650 | |a GASTOS DE LA EDUCACION | ||
| 773 | |g volumen 23, número 1 -2; páginas 127-161 | ||
| 999 | |c 23894 |d 23894 | ||
